|
|
|
|
| LEADER |
01429nam a22003137a 4500 |
| 001 |
39226 |
| 003 |
BD-DhAAL |
| 008 |
220725t2020 caua fob 000 0 eng d |
| 999 |
|
|
|c 44573
|d 44573
|
| 020 |
|
|
|a 9781681737959 (pbk)
|
| 020 |
|
|
|a 9781681737973 (hbk)
|
| 040 |
|
|
|a BD-DhAAL
|c BD-DhAAL
|
| 082 |
|
|
|a 006.35
|2 23
|
| 245 |
|
|
|a Statistical significance testing for natural language processing /
|c Rotem Dror ... [et al.].
|
| 260 |
|
|
|a San Rafael, California :
|b Morgan & Claypool Publishers,
|c c2020.
|
| 300 |
|
|
|a xvii, 98 pages :
|b illustrations ;
|c 24 cm.
|
| 526 |
|
|
|a CSE
|
| 541 |
|
|
|a Book Finder International
|e 39226, 39227
|
| 650 |
|
|
|a Natural language processing (Computer science).
|9 50201
|
| 650 |
|
|
|a Statistical hypothesis testing.
|9 50202
|
| 650 |
|
|
|a Computer science.
|9 50203
|
| 700 |
|
|
|a Dror, Rotem
|9 50204
|
| 700 |
|
|
|a Peled-Cohen, Lotem
|9 50205
|
| 700 |
|
|
|a Shlomov, Segev
|9 50206
|
| 700 |
|
|
|a Reichart, Roi
|9 50207
|
| 852 |
|
|
|a Ayesha Abed Library
|c General Stacks
|
| 942 |
|
|
|2 ddc
|c BK
|
| 952 |
|
|
|0 0
|1 0
|2 ddc
|4 0
|6 006_350000000000000_STA
|7 0
|9 71299
|a BRACUL
|b BRACUL
|c GEN
|d 2022-07-21
|e Book Finder International
|g 3700.25
|l 1
|m 4
|o 006.35 STA
|p 3010039226
|r 2024-03-18
|s 2024-02-13
|t 1
|v 3700.25
|w 2022-07-21
|y BK
|
| 952 |
|
|
|0 0
|1 0
|2 ddc
|4 0
|6 006_350000000000000_STA
|7 0
|9 71300
|a BRACUL
|b BRACUL
|c GEN
|d 2022-07-21
|e Book Finder International
|g 3700.25
|l 1
|m 2
|o 006.35 STA
|p 3010039227
|r 2024-04-24
|s 2024-04-24
|t 2
|v 3700.25
|w 2022-07-21
|y BK
|